000 00652nam a2200265 a 4500
001 000110604
003 CHAP
005 20220329144140.0
008 140917s2001 mx |r| ||||||spa d
010 _a107066
011 _a108038
020 _a9681908244
040 _cCHAP
082 0 4 _a863
_bP79
100 1 _aPoniatowska, Elena
_9128433
245 1 3 _aLa piel del cielo /
_cpor Elena Poniatowska.
260 _aMéxico, D. F. :
_bAlfaguara,
_c2001.
300 _a473 p.
590 _aE5765TAJ
_b05
_c20140917
_lUCH01
_h1358
650 1 4 _aLiteratura.
_967113
650 1 4 _aNovela.
_982011
901 _aBK
942 _cLIBRO
942 _n0
999 _c107066
_d107066